000 01100nmm a2200289 a 4500
001 ocm0001916898
003 TR-IsHL
005 20201028174448.0
008 180919s2018 tu eng
007 cr cn
035 _a1916898
_b(N$T)
050 0 4 _aPL21
_b.U94 2018
090 0 4 _aPL21
_b.U94 2018
100 1 _aUzel, Bilge
245 1 0 _aThe phonology of Altay Language: as reflected in the spelling: Phonological facts and Phonetic Explanations, with a Focus on Segmental Reduction in Connected Speech
_h[electronic resource] /
_cBilge Uzel
260 _aİstanbul :
_bYalın Yayıncılık,
_c2018
300 _a304 p.
500 _aKaynakça var.
_x
650 4 _aDil ve Edebiyat
650 4 _aLanguage and Literature
650 0 _aUral-Altay dilleri
_x Fonoloji
650 0 _aUral-Altay dilleri
_x Phonology
650 0 _aUral-Altay dilleri
650 0 _aUral-Altaic philology
650 7 _aLANGUAGE ARTS & DISCIPLINES / Linguistics / Phonetics & Phonology
_2bisacsh
856 4 0 _uhttp://search.ebscohost.com/login.aspx?direct=true&scope=site&db=e011xww&AN=1916898
999 _c18132
_d18132